[Event "EU-ch Hybrid U12"]
[Site "Tornelo INT"]
[Date "2021.10.15"]
[Round "5"]
[White "Rey Martinez, Jaime"]
[Black "Filipe, Gustavo Castro"]
[Result "1-0"]
[WhiteElo "2093"]
[BlackElo "1406"]
[PlyCount "25"]
[EventDate "2021.10.15"]
[EventType "swiss"]
[EventRounds "9"]
[EventCountry "NET"]
[SourceTitle "EXT 2023"]
[Source "ChessBase"]
[SourceDate "2022.10.05"]
[SourceVersion "1"]
[SourceVersionDate "2022.10.05"]
[SourceQuality "1"]
[WhiteTeam "Spain"]
[BlackTeam "Portugal"]
[WhiteTeamCountry "ESP"]
[BlackTeamCountry "POR"]

1. e4 c5 2. Nf3 d6 3. d4 cxd4 4. Nxd4 Nf6 5. Nc3 g6 6. f4 Bg7 7. e5 dxe5 8. fxe5 Ng4 9. Bb5+ Kf8 10. Ne6+ fxe6 11. Qxd8+ Kf7 12. 0-0+ Nf6 13. Qc7 1-0

[Event "Merida World Heritage op 1st"]
[Site "Merida"]
[Date "2021.08.07"]
[Round "6"]
[White "Asensio Miranda, Carlos"]
[Black "Filipe, Gustavo Castro"]
[Result "1/2-1/2"]
[WhiteElo "1475"]
[BlackElo "1334"]
[PlyCount "84"]
[EventDate "2021.08.04"]
[EventType "swiss"]
[EventRounds "9"]
[EventCountry "ESP"]
[SourceTitle "EXT 2023"]
[Source "ChessBase"]
[SourceDate "2022.10.05"]
[SourceVersion "1"]
[SourceVersionDate "2022.10.05"]
[SourceQuality "1"]

1. d4 d5 2. c4 e6 3. Nf3 Nf6 4. g3 Be7 5. Bg2 0-0 6. 0-0 dxc4 7. Ne5 Nbd7 8. Nxc4 c5 9. Nc3 Nb6 10. Nxb6 Qxb6 11. dxc5 Bxc5 12. Na4 Qc7 13. Nxc5 Qxc5 14. Be3 Qe7 15. Qc2 Nd5 16. Bxd5 exd5 17. Rac1 b6 18. Rfd1 Bb7 19. Qc7 Rfe8 20. Qxe7 Rxe7 21. Rc2 Rd8 22. Bd4 Rc8 23. Rdc1 Rc4 24. e3 Rec7 25. Rxc4 Rxc4 26. Rxc4 dxc4 27. Kf1 f6 28. Ke2 Kf7 29. f3 Ke6 30. e4 g6 31. Ke3 f5 32. Kf4 Bc6 33. exf5+ gxf5 34. g4 fxg4 35. fxg4 Ba4 36. h4 Bc2 37. Bg7 Kf7 38. Bh6 Bd3 39. g5 Bc2 40. h5 Bd3 41. b3 cxb3 42. axb3 Bc2 1/2-1/2

[Event "EU-ch U08 28th"]
[Site "Riga"]
[Date "2018.08.20"]
[Round "1"]
[White "Filipe, Gustavo Castro"]
[Black "Azadaliyev, Jahandar"]
[Result "0-1"]
[WhiteElo "1114"]
[BlackElo "1732"]
[PlyCount "94"]
[EventDate "2018.08.20"]
[EventType "swiss"]
[EventRounds "9"]
[EventCountry "LAT"]
[SourceTitle "CBM 186 Extra"]
[Source "ChessBase"]
[SourceDate "2018.08.24"]
[SourceVersion "1"]
[SourceVersionDate "2018.08.24"]
[SourceQuality "1"]

1. e4 c6 2. d4 d5 3. Nc3 dxe4 4. Nxe4 Nd7 5. Nf3 Ngf6 6. Ng3 c5 7. dxc5 e6 8. Be3 Qc7 9. Bd3 Bxc5 10. Bxc5 Qxc5 11. Ne4 Nxe4 12. Bxe4 Nf6 13. Bd3 0-0 14. 0-0 b6 15. Qe2 Bb7 16. Rad1 Rad8 17. c3 Qh5 18. h3 Bxf3 19. Qxf3 Qxf3 20. gxf3 Nh5 21. Bc2 Nf4 22. Kh2 g6 23. Be4 Kg7 24. Kg3 Ne2+ 25. Kg2 f5 26. Bc2 e5 27. Rfe1 Nf4+ 28. Kg3 Kf6 29. h4 h5 30. Bb3 Rfe8 31. Ba4 Rg8 32. Bb3 Rgf8 33. Bc2 Ne6 34. b4 g5 35. Kh3 Nf4+ 36. Kg3 gxh4+ 37. Kh2 h3 38. Rg1 Rg8 39. Rxg8 Rxg8 40. Rg1 Rg2+ 41. Rxg2 hxg2 42. c4 h4 43. c5 bxc5 44. bxc5 h3 45. Ba4 Ne2 46. Kxh3 g1Q 47. Kh4 Qh2# 0-1

[Event "Famalicao op 6th"]
[Site "Famalicao"]
[Date "2018.08.03"]
[Round "8"]
[White "Carvalho, Vitor Manuel Moreir"]
[Black "Filipe, Gustavo Castro"]
[Result "1-0"]
[WhiteElo "1465"]
[BlackElo "1122"]
[PlyCount "99"]
[EventDate "2018.07.29"]
[EventType "swiss"]
[EventRounds "9"]
[EventCountry "POR"]
[SourceTitle "CBM 185 Extra"]
[Source "ChessBase"]
[SourceDate "2018.07.29"]
[SourceVersion "1"]
[SourceVersionDate "2018.07.29"]
[SourceQuality "1"]

1. e4 e5 2. Nf3 Nc6 3. Bc4 Bc5 4. c3 Nf6 5. 0-0 0-0 6. d4 exd4 7. cxd4 Bb6 8. e5 d5 9. exf6 dxc4 10. fxg7 Kxg7 11. Be3 Bg4 12. d5 Bxe3 13. fxe3 Nb4 14. Qd4+ Qf6 15. Qxg4+ Kh8 16. Nc3 Nc2 17. Nd4 Nxe3 18. Rxf6 Nxg4 19. Rf4 Nh6 20. Re1 Rae8 21. Rfe4 Rxe4 22. Rxe4 Ng8 23. Ndb5 c6 24. dxc6 a6 25. Nc7 bxc6 26. Rxc4 Nf6 27. Nxa6 Re8 28. Rxc6 Ng4 29. g3 Rd8 30. Rc4 Ne5 31. Re4 Ng6 32. Re2 Ra8 33. Nc7 Rc8 34. Re8+ Rxe8 35. Nxe8 Kg8 36. Nf6+ Kg7 37. Ncd5 Ne5 38. b4 Nc4 39. b5 Na5 40. b6 Kg6 41. Nd7 Nb7 42. Ne7+ Kg5 43. a4 Kg4 44. Nc6 Kf5 45. a5 Ke6 46. Ndb8 Kd6 47. a6 Nc5 48. a7 Ne4 49. a8Q Kc5 50. Qa5+ 1-0